| 000 | 00480nam a2200193Ia 4500 | ||
|---|---|---|---|
| 008 | 170918s9999 xx 000 0 und d | ||
| 020 | _a140621393 | ||
| 050 | _bV531jo 1994 | ||
| 100 | _aVerne, Jules | ||
| 245 | _aJourney to the centre of the earth / | ||
| 245 | _cby Jules Verne. | ||
| 260 | _aEngland : | ||
| 260 | _bPenguin Books, | ||
| 260 | _c1994 | ||
| 300 | _a253 pages : | ||
| 300 | _billustrations ; | ||
| 300 | _c18cm. | ||
| 300 | _ePenguin popular classics. | ||
| 999 |
_c343475 _d343475 |
||